Magyar fűvész könyv, melly a két magyar hazábann találtatható növevényeknek megesmérésére vezet, a Linné alkotmánya szerént Első Rész Eggyhímesek - Sokhimesek

Bibliographic Details
Main Authors: Diószegi, Samuel 1761-1813 (Author), Fazekas, Mihály, 1766-1828 (Author)
Other Authors: Csáthy, Georgius, 1772-1817 (Printer)
Format: Book
Language:Hungarian
Latin
PhysicalDescription:XVI, 608 s. 20 cm
Published: Debreczenbenn Nyomtatta Csáthy György 1807
Subjects:
Online Access:http://www.bibl.u-szeged.hu/%7Eclio/oldbook/natur/html/bio1.html

MARC

LEADER 00000nam a2200000 a 4500
001 vtls010636678
003 SK-MaSNL
005 20260301175117.0
008 251112t1807 hu bi 001 0 hun
015 |a SNKHFA1807 
020 |q (viaz.) 
035 |a B43DC8F8-C98A-4A86-B339-A92E9278632A 
035 |a urn:nbn:sk:snk-amtfv2 
035 |a urn:nbn:sk:snk-am00cap7 
040 |a SNK  |b slo  |c SNK  |e AACR2 
041 0 |a hun  |a lat 
043 |a e-hu--- 
044 |a hu  |c HU 
072 7 |a 58  |x Botanika  |2 konspekt 
080 |a 581  |2 2011 
080 |a 581.6  |2 2011 
080 |a 582.32/.998  |2 2011 
100 1 |a Diószegi, Samuel  |d 1761-1813  |4 aut  |9 548520 
245 1 0 |a Magyar fűvész könyv, melly a két magyar hazábann találtatható növevényeknek megesmérésére vezet, a Linné alkotmánya szerént  |n Első Rész  |p Eggyhímesek - Sokhimesek 
246 3 0 |a Eggyhímesek - Sokhimesek 
260 |a Debreczenbenn  |b Nyomtatta Csáthy György  |c 1807 
300 |a XVI, 608 s.  |c 20 cm 
500 |a Dokument obsahuje 2 zv.: 1. rész, Eggyhímesek - sokhímesek. - XVI, 328 s., 2. rész, Kétfőbbhímesek - lopvanőszők. - 330-608 s. 
504 |a Obsahuje bibliografické odkazy 
504 |a Register 
504 |a Tlačené poznámky pod čiarou 
546 |a Odborné latinské názvoslovie v zátvorkách za maďarským textom 
561 |a Okrúhla pečiatka: Museálna Slovenská spoločnosť.  |5 SNK ID 14283 D1 
561 |a Rukopisný záznam na prídoští: Č. 84 Šembery - Kmeť.  |5 SNK ID 14283 D1 
561 |a Na titulnom liste exlibris rukospiný záznam: Sembery Istvány.  |5 SNK ID 14283 D1 
650 0 7 |a botanika  |2 SNKPH  |9 688 
650 0 7 |a rastliny  |2 SNKPH  |9 690 
650 0 7 |a biológia  |2 SNKPH  |9 689 
651 7 |a Maďarsko  |2 SNKPHgeo  |9 16754 
655 7 |a príručky  |2 SNKPH  |9 74364 
700 1 |a Fazekas, Mihály,  |d 1766-1828  |4 aut  |9 548521 
700 1 |a Kmeť, Andrej,  |d 1841-1908  |4 fmo  |9 191981 
700 1 |a Csáthy, Georgius,  |d 1772-1817  |4 prt  |9 214196 
752 |a Maďarsko  |d Debrecín 
852 |a snk  |b Historické fondy  |p ID 14283 D1 
856 4 0 |u http://www.bibl.u-szeged.hu/%7Eclio/oldbook/natur/html/bio1.html 
958 |a ONDV 
999 |c 841742  |d 843672 
952 |t Kme X/158  |a SNK  |b SNK  |c SNK_HF  |y PREZ  |7 0  |p 17A1128812  |o snkID 14283 D1  |i snkF923/1956  |8 5  |0 0  |1 0  |4 0  |d 2016-06-20  |f 1  |l 0  |r 2026-02-24 04:14:20  |w 2026-02-24